MDQL
is popping MORE tags! Check the
thread
!
Quizzes
Events
Quiz Creation
Community
Videos
Private Events
Remove Ads
Sign In
Join for FREE
Feedback
Dark Mode
Quiz Categories
Sports
Geography
Music
Movies
Television
Just For Fun
Miscellaneous
History
Literature
Language
Science
Gaming
Entertainment
Religion
Holiday
For Kids
Quiz Lab
Recent
Popular Today
Quiz Kudos Today
Editor Picks
Curator Picks
Quizzes by...
Day
Popularity
Type
Ratings
Length
Year
Community
Subscriptions
Recent Discussions
Orange Saloon
Badges
Playlists
Quests
Create
Leaderboards
Showdown
Live 5
Trivia Bingo
Activity
Puzzle Library
Sporcle Events
Private Events
Virtual Trivia
Globe League
Become a Host
Pub Owners
SporcleCon
Opinionation
Our Games
Videos
Blog
Mobile Apps
Partnerships
Remove Ads and Go Orange
Feedback
Movies
Disney
Marvel Cinematic Universe
Movie Resume
Movie Titles
Oscar
Actor
Actress
Director
Pixar
Role
Movie Quotes
Movie Characters
Box Office
Nominee
Best Picture
Star Wars
James Bond
Horror Movies
Movies
Disney
Marvel Cinematic Universe
Movie Resume
Movie Titles
Oscar
Actor
Actress
Director
Pixar
Role
Movie Quotes
Movie Characters
Box Office
Nominee
Best Picture
Star Wars
James Bond
Horror Movies
Random Quiz
Search Sporcle
×
Editor Pick
Editor Pick
Movies
Type in answers that appear in a list
Type in answers that appear in a list
Classic
Best Score? Go Orange.
The Royal Movies Stats
Can you name the The Movies with a Royal Status in their Title (King, Queen, Prince or Princess)?
By
Xala83
5m
22 Questions
2,269 Plays
2,269 Plays
2,269 Plays
Comments
Comments
Give Quiz Kudos
Give Quiz Kudos
-
- Ratings
hide this ad
More Info
Replay
Link that replays current quiz
Next Quiz
Link to next quiz in quiz playlist
You Got
0%
They Got
Avg Score
47%
Avg Friend Score
Upgrade to see
Score Distribution
Jump to the score distribution portion of the page
Score
0/22
Timer
05:00
0
Plays Today
Starring
Movie
% Correct
Julie Andrews -
Anne Hathaway
The Princess Diaries
90.7%
Geoffrey Rush -
Colin Firth
The King's Speech
78.9%
Daniel Radcliffe -
Emma Watson
Harry Potter And The Half -Blood Prince
72.7%
Helen Mirren -
Michael Sheen
The Queen
72.1%
Elijah Wood -
Ian McKellen
The Lord of The Rings: The Return of The King
71.6%
Forest Whitaker -
James McAvoy
The Last King of Scotland
70.3%
Cary Elwes -
Robin Wright
The Princess Bride
69.9%
Deborah Kerr -
Yul Brynner
The King And I
65.3%
Matthew Broderick -
Jeremy Irons
The Lion King
48.7%
Naomi Watts -
Jack Black
King Kong
43.9%
Humphrey Bogart -
Katharine Hepburn
The African Queen
42.5%
Starring
Movie
% Correct
Julia Stiles -
Luke Mably
The Prince and Me
37.9%
Kevin Costner -
Morgan Freeman
Robin Hood: Prince of Thieves
37.6%
Jake Gyllenhaal -
Ben Kingsley
Prince of Persia: The Sands of Time
37%
Anika Noni Rose -
Bruno Campos
The Princess and the Frog
37%
Clive Owen -
Keira Knightley
King Arthur
35.5%
Dwayne Johnson ( The Rock ) -
Steven Brand
The Scorpion King
30.9%
Jeff Bridges -
Robin Williams
The Fisher King
30%
Ben Barnes -
Georgie Henley
The Chronicles of Narnia: Prince Caspian
22.4%
Sean Connery -
Michael Caine
The Man Who Would Be King
13.3%
Bette Davis -
Richard Todd
The Virgin Queen
2.6%
Rik Mayall -
Helena Bonham Carter
Dancing Queen
1.2%
Quiz Playlist
Details
Report
Send in Message
Add To Playlist
More Info:
(*) indicates an animated movie.
Classic:
Type in answers that appear in a list
Last Updated: Feb 16, 2017
Editor Pick in
Movies
Quiz Scoreboard
CHALLENGE
Sign Up to Join the Scoreboard
Show All
Scores
Hide
Comments
May contain spoilers
Recently Published
Image Sorting: Flags VI
by Barbecue
Geography
2m
Find the 'City' Movie
by crazypaving
Movies
60s
5x2 Blitz: Bands
by SL_Kpop136
Music
30s
More to Explore
Quiz From the Vault
Featured Blog Post
14 Easter Pick-up Lines to Find Eggs With
hide this ad
You Might Also Like...
Tags
This quiz does not have any tags.
Today's Top Quizzes in Movies
Browse Movies
hide this ad
Top Contributed Quizzes in Movies
1
Find The 'Big' Movie
2
Find The 'Wild' Movie
3
Find The 'Blue' Movie
4
Movies By Plot
5
Hidden Star Wars Character II
6
Pick 5 Posters: Directed by Spielberg
7
The ultimate James Bond movie quiz
8
Hidden Star Wars Character III
9
Hidden Star Wars Character IV
10
25 Best Actor Nominees (1990s)
Explore More
Trending Topics
Crossword
NBA
Kpop
Marvel
Disney
Anime
Harry Potter
Puzzle
The Office
WWE
Pokémon
Country
Soccer
Song
NFL
hide this ad
More By:
Xala83
Quiz
Plays
Rating
Category
Featured
Created
Characters from Shrek
92,026
4.36
Movies
Dec 5, 2010
U.S. States with No Map
3,340
3.62
Geography
Sep 3, 2010
The Royal Movies
2,269
3.81
Movies
Sep 1, 2010
Famous Movie Trilogies
1,613
4.28
Movies
Sep 3, 2010
Beatles, Elvis, MJ, Madonna ... ( Clip )
1,295
4.25
Music
Sep 4, 2010
Go to Creator's Profile
Score Distribution
Quiz Creator Spotlight
Xala83
Follow
Send a Message
Quizzes Created
-
Created Quiz Play Count
-
More By This Creator
Popular Quizzes Today
1
Colored Red Africa Blitz
2
Find the US States - No Outlines Minefield
3
Find the 'City' Movie
4
5x2 Blitz: Bands
5
The Countries of the World
6
Find the US States
7
Find the Countries of Europe - No Outlines Minefield
8
US States
More Movies Quizzes
Movies Missing 10-Letter Words
Published
Trending Quizzes
Colored Red Europe Blitz I
Colored Red Europe Blitz II
Colored Red Africa Blitz II
Colored Red Europe Blitz III
Colored Red Africa Blitz III
Recently Updated
How Do You Spell That?
pecheneg
Godzilla Movies
pecheneg
Grab Bag: 4-10 Letters
pecheneg
2024 March Madness Bracket
pecheneg
Famous TV Couples
Peacemaker
Champions League XIs: Real Madrid
pecheneg
Largest US Cities 1790-2010
pecheneg
Rides in Walt Disney World
pecheneg
Most Oscar Losses (Acting)
pecheneg
Beyoncé Albums
pecheneg
Trending Topics
Disney
Kpop
NBA
Crossword
Anime
Marvel
Harry Potter
The Office
Puzzle
Country
Soccer
Pokémon
WWE
Song
NFL
Your Account Isn't Verified!
In order to create a playlist on Sporcle, you need to verify the email address you used during registration. Go to your
Sporcle Settings
to finish the process.
Report this User
Report this user for behavior that violates our
Community Guidelines
.
Details:
Send Report
Go to the Sporcle.com Mobile Site →
Comments